书目信息 |
| 题名: |
公民伦理教育的基础与方法
|
|
| 作者: | 贾新奇 著 | |
| 分册: | ||
| 出版信息: | 北京 北京师范大学出版社 2007 |
|
| 页数: | 200页 | |
| 开本: | 21cm | |
| 丛书名: | 公民伦理研究系列 | |
| 单 册: | ||
| 中图分类: | B82-052 , D648.3 | |
| 科图分类: | ||
| 主题词: | 伦理学--公民教育--研究--中国 , 伦理学 , 公民教育 | |
| 电子资源: | ||
| ISBN: | 978-7-303-08908-6 | |
| 000 | 01018oam2 2200301 45 | |
| 001 | 1029896027 | |
| 005 | 20100428142427.34 | |
| 010 | @a978-7-303-08908-6@dCNY12.00 | |
| 100 | @a20100420d2007 em y0chiy50 ea | |
| 101 | 0 | @achi |
| 102 | @aCN@b110000 | |
| 105 | @ay z 000yy | |
| 106 | @ar | |
| 200 | 1 | @a公民伦理教育的基础与方法@AGong Min Lun Li Jiao Yu De Ji Chu Yu Fang Fa@f贾新奇等著@FJia Xin Qi Deng Zhu |
| 210 | @a北京@c北京师范大学出版社@d2007 | |
| 215 | @a200页@d21cm | |
| 225 | 2 | @a公民伦理研究系列 |
| 300 | @a教育部北京师范大学价值与文化研究中心“公民道德建设与价值观教育”项目资助 | |
| 330 | @a本书包括公民伦理的形成与意义,公民伦理的现状及成因,公民伦理教育的几个原则问题,公民伦理教育的方法等内容。 | |
| 461 | 0 | @12001 @a公民伦理研究系列 |
| 606 | 0 | @a伦理学@x公民教育@x研究@y中国 |
| 606 | 0 | @a伦理学 |
| 606 | 0 | @a公民教育 |
| 690 | @aB82-052@v4 | |
| 690 | @aD648.3@v4 | |
| 701 | 0 | @a贾新奇@AJia Xin Qi@4著 |
| 801 | 0 | @aCN@bTANGWEI@c20100428 |
| 905 | @b0593863-67@dB82-052@e405@f5 | |
| 公民伦理教育的基础与方法/贾新奇等著.-北京:北京师范大学出版社,2007 |
| 200页;21cm.-(公民伦理研究系列) |
| 教育部北京师范大学价值与文化研究中心“公民道德建设与价值观教育”项目资助 |
| ISBN 978-7-303-08908-6:CNY12.00 |
| 本书包括公民伦理的形成与意义,公民伦理的现状及成因,公民伦理教育的几个原则问题,公民伦理教育的方法等内容。 |
| ● |
| 相关链接 |
|
|
|
|
正题名:公民伦理教育的基础与方法
索取号:B82-052/405
 
预约/预借
| 序号 | 登录号 | 条形码 | 馆藏地/架位号 | 状态 | 备注 |
| 1 | 0593863 | 205938636 | 第一样本阅览室/ [索取号:B82-052/405] | 在馆 | |
| 2 | 0593864 | 205938645 | 第一借阅区/ [索取号:B82-052/405] | 在馆 | |
| 3 | 0593865 | 205938654 | 第一借阅区/ [索取号:B82-052/405] | 在馆 | |
| 4 | 0593866 | 205938663 | 第一借阅区/ [索取号:B82-052/405] | 在馆 | |
| 5 | 0593867 | 205938672 | 第一借阅区/ [索取号:B82-052/405] | 在馆 |